[Event "Landesklasse Ost 2013/2014"]
[Site "?"]
[Date "2013.09.15"]
[Round "1"]
[White "Anschütz, Mario"]
[Black "Seidens, Gunter"]
[Result "1/2-1/2"]
[WhiteElo "1846"]
[BlackElo "1932"]
[PlyCount "63"]
[EventDate "2013.??.??"]
[WhiteTeam "SSV Vimaria 91 Weimar"]
[BlackTeam "VfL 1990 Gera"]

1. d4 d5 2. c4 e6 3. cxd5 exd5 4. Nc3 Nf6 5. Bg5 Be7 6. e3 Nbd7 7. Bd3 O-O 8.
Nge2 c6 9. Qc2 Re8 10. f3 Nf8 11. O-O-O b5 12. h3 a5 13. e4 dxe4 14. fxe4 a4
15. e5 Nd5 16. Bxe7 Rxe7 17. Nxd5 Qxd5 18. Kb1 Be6 19. Nc3 Qd7 20. Be4 Bd5 21.
Nxd5 cxd5 22. Bf5 Qb7 23. Rc1 a3 24. b3 b4 25. Qd2 Ne6 26. Rc2 Qb6 27. Rd1 Rf8
28. g3 f6 29. Bxe6+ Rxe6 30. exf6 Rexf6 31. Qg5 Rf5 32. Qe7 1/2-1/2

[Event "Landesklasse Ost 2013/2014"]
[Site "?"]
[Date "2013.09.15"]
[Round "1"]
[White "Katzer, Michael"]
[Black "Vogel, Steffen"]
[Result "1-0"]
[WhiteElo "1893"]
[BlackElo "1821"]
[PlyCount "89"]
[EventDate "2013.??.??"]
[WhiteTeam "VfL 1990 Gera"]
[BlackTeam "SSV Vimaria 91 Weimar"]

1. d4 d5 2. Nc3 Nf6 3. Bg5 Nbd7 4. f3 c6 5. e4 dxe4 6. fxe4 Qa5 7. Qd2 e6 8.
Nf3 Bb4 9. Bd3 c5 10. dxc5 Nxc5 11. Bxf6 Nxd3+ 12. cxd3 gxf6 13. O-O Bd7 14.
Qf4 Be7 15. d4 Qh5 16. Qc7 Bc6 17. d5 Bd8 18. Qd6 Be7 19. Qc7 Bd8 20. Qg3 Bd7
21. Kh1 Qg6 22. Qf4 e5 23. Nxe5 Qg7 24. Nxd7 Kxd7 25. Rf3 a6 26. Rg3 Qf8 27.
Qg4+ Kc7 28. Rc1 Kb8 29. Na4 Ka7 30. Qf4 Qb4 31. b3 Re8 32. Qf2+ b6 33. Rc4 Qa5
34. Rgc3 Kb7 35. Qf5 Qb5 36. h3 Re5 37. Qxh7 Qe8 38. Nb2 f5 39. d6 b5 40. Rc5
Rxe4 41. Rxf5 Bf6 42. Nd3 Bxc3 43. Nc5+ Kc6 44. Nxe4 Ra7 45. Rc5+ 1-0

[Event "Landesklasse Ost 2013/2014"]
[Site "?"]
[Date "2013.09.15"]
[Round "1"]
[White "Mitter, Frank"]
[Black "Kretzschmar, Bernd"]
[Result "1/2-1/2"]
[WhiteElo "1781"]
[BlackElo "1867"]
[PlyCount "78"]
[EventDate "2013.??.??"]
[WhiteTeam "SSV Vimaria 91 Weimar"]
[BlackTeam "VfL 1990 Gera"]

1. d4 g6 2. c4 Bg7 3. Nc3 c6 4. e4 d6 5. Nf3 Nd7 6. Be2 e5 7. dxe5 dxe5 8. O-O
Ngf6 9. Be3 Ng4 10. Bg5 f6 11. Bd2 Nh6 12. Qc2 O-O 13. Rfd1 Qe7 14. h3 Nf7 15.
Be3 Bh6 16. Bxh6 Nxh6 17. a3 a5 18. Rab1 Nc5 19. b4 axb4 20. axb4 Ne6 21. c5
Nf4 22. Bc4+ Be6 23. Qb3 Nf7 24. Rd2 Rfd8 25. Rbd1 Rxd2 26. Rxd2 Kg7 27. Kh2
Bxc4 28. Qxc4 Ne6 29. Qb3 Rd8 30. Rxd8 Nfxd8 31. Qd1 Nf7 32. g3 b6 33. cxb6
Qxb4 34. Na4 Nc5 35. Nxc5 Qxc5 36. Qb3 Qxf2+ 37. Kh1 Nd6 38. Qd3 Nxe4 39. Qxe4
Qxb6 1/2-1/2

[Event "Landesklasse Ost 2013/2014"]
[Site "?"]
[Date "2013.09.15"]
[Round "1"]
[White "Philipp, Mathias"]
[Black "Huster, Mike"]
[Result "1/2-1/2"]
[WhiteElo "1556"]
[BlackElo "1899"]
[PlyCount "49"]
[EventDate "2013.??.??"]
[WhiteTeam "SSV Vimaria 91 Weimar"]
[BlackTeam "VfL 1990 Gera"]

1. e4 d5 2. exd5 Nf6 3. d4 Nxd5 4. Nf3 Bg4 5. Be2 e6 6. c4 Nb6 7. O-O Be7 8.
Be3 O-O 9. Ne5 Bxe2 10. Qxe2 N8d7 11. Nxd7 Qxd7 12. Nc3 Rae8 13. Rfd1 Bb4 14.
a3 Bxc3 15. bxc3 Qc6 16. c5 Nd5 17. Qb2 f5 18. c4 Nxe3 19. fxe3 Qe4 20. Qb3 Rd8
21. d5 e5 22. Qd3 Qg4 23. h3 Qh4 24. Rf1 g6 25. Rab1 1/2-1/2

[Event "Landesklasse Ost 2013/2014"]
[Site "?"]
[Date "2013.09.15"]
[Round "1"]
[White "Richter, Sven"]
[Black "Schmidt, Stephan"]
[Result "1-0"]
[WhiteElo "1937"]
[BlackElo "1639"]
[PlyCount "89"]
[EventDate "2013.??.??"]
[WhiteTeam "VfL 1990 Gera"]
[BlackTeam "SSV Vimaria 91 Weimar"]

1. Nf3 d5 2. g3 Nc6 3. Bg2 e5 4. d3 Nf6 5. O-O h6 6. Re1 Bd6 7. Na3 a6 8. c4
Bxa3 9. bxa3 dxc4 10. Bb2 O-O 11. Nxe5 Nxe5 12. Bxe5 cxd3 13. Qxd3 Qxd3 14.
exd3 c6 15. Bxf6 gxf6 16. Rab1 Rd8 17. h4 Kf8 18. Re3 Rd6 19. Rb6 Rb8 20. d4
Be6 21. Re2 Bd5 22. Reb2 Bxg2 23. Kxg2 Rxd4 24. Rxc6 bxc6 25. Rxb8+ Ke7 26. Rb6
Ra4 27. Rxc6 Rxa3 28. Rc2 Ra5 29. Kf3 Ke6 30. Kg4 h5+ 31. Kf4 Ra4+ 32. Ke3 Kd5
33. f3 Ra3+ 34. Kf4 Ke6 35. Re2+ Kd6 36. g4 hxg4 37. fxg4 Ra5 38. h5 Rg5 39.
Rh2 Rg8 40. Kf5 Ke7 41. Re2+ Kf8 42. Rb2 Kg7 43. Rb6 Rc8 44. h6+ Kxh6 45. Kxf6
1-0

[Event "Landesklasse Ost 2013/2014"]
[Site "?"]
[Date "2013.09.15"]
[Round "1"]
[White "Klee, Otto"]
[Black "Walther, Thomas"]
[Result "0-1"]
[WhiteElo "1372"]
[BlackElo "1858"]
[PlyCount "62"]
[EventDate "2013.??.??"]
[WhiteTeam "SSV Vimaria 91 Weimar"]
[BlackTeam "VfL 1990 Gera"]

1. e4 c5 2. Nf3 Nc6 3. Bb5 g6 4. O-O a6 5. Bxc6 dxc6 6. Nc3 Nf6 7. d3 Bg7 8.
Be3 b6 9. Qd2 Ng4 10. Bf4 e5 11. Bg3 f6 12. h3 Nh6 13. Rad1 O-O 14. Bh4 Nf7 15.
Nh2 h5 16. Nf3 Be6 17. Kh1 Qd7 18. Ng1 Nd6 19. Qe2 Rad8 20. f4 exf4 21. e5 Nf5
22. Qe1 Ne3 23. Rxf4 Nxd1 24. Qxd1 fxe5 25. Bxd8 exf4 26. Bxb6 f3 27. Bxc5
fxg2+ 28. Kxg2 Bd5+ 29. Kg3 Be5+ 30. Kh4 Qd8+ 31. Be7 Qxe7# 0-1

[Event "Landesklasse Ost 2013/2014"]
[Site "?"]
[Date "2013.09.15"]
[Round "1"]
[White "Schönfeld, Volker"]
[Black "Schröter, Paul"]
[Result "1/2-1/2"]
[WhiteElo "1901"]
[BlackElo "1692"]
[PlyCount "56"]
[EventDate "2013.??.??"]
[WhiteTeam "VfL 1990 Gera"]
[BlackTeam "SSV Vimaria 91 Weimar"]

1. e4 c5 2. c3 Nc6 3. d4 cxd4 4. cxd4 d5 5. exd5 Qxd5 6. Nf3 e6 7. Bd3 Nb4 8.
Be2 Nf6 9. a3 Nc6 10. Nc3 Qd8 11. O-O Be7 12. Bf4 Nd5 13. Bg3 O-O 14. Rc1 a6
15. b4 Nxc3 16. Rxc3 Bf6 17. Be5 Qe7 18. Qc2 Rd8 19. Rd1 Bxe5 20. dxe5 Rxd1+
21. Qxd1 Bd7 22. Qd3 Rd8 23. Qe3 Be8 24. h3 h6 25. Rd3 Qc7 26. Rxd8 Qxd8 27. b5
axb5 28. Bxb5 Ne7 1/2-1/2

[Event "Landesklasse Ost 2013/2014"]
[Site "?"]
[Date "2013.10.20"]
[Round "2"]
[White "Taudte, Stefan"]
[Black "Sauer, Marko"]
[Result "1-0"]
[WhiteElo "1977"]
[BlackElo "1995"]
[PlyCount "71"]
[EventDate "2013.??.??"]
[WhiteTeam "SV Empor Erfurt"]
[BlackTeam "SG Arnstadt-Stadtilm"]

1. d4 Nf6 2. c4 g6 3. Nc3 Bg7 4. e4 d6 5. h3 Nbd7 6. Bg5 c6 7. Bd3 Qb6 8. Nge2
e5 9. d5 Nc5 10. Rb1 Nxd3+ 11. Qxd3 c5 12. b4 cxb4 13. Be3 Qd8 14. Rxb4 b6 15.
Nb5 Qe7 16. Ra4 O-O 17. f3 Bd7 18. Rxa7 Rxa7 19. Nxa7 Rb8 20. Qa3 Ne8 21. O-O
f5 22. Nc3 f4 23. Bf2 g5 24. Rb1 Qd8 25. Nc6 Bxc6 26. dxc6 Qc8 27. Qa4 Bf8 28.
Nd5 Ra8 29. Qb5 Rxa2 30. Nxb6 Qd8 31. Nd7 Be7 32. Qd5+ Kg7 33. Rb8 Nf6 34. Qe6
Nh5 35. Rxd8 Bxd8 36. Qxd6 1-0

[Event "Landesklasse Ost 2013/2014"]
[Site "?"]
[Date "2013.10.20"]
[Round "2"]
[White "Schätz, Bianca"]
[Black "Pichl, Michael"]
[Result "0-1"]
[WhiteElo "1817"]
[BlackElo "1990"]
[PlyCount "118"]
[EventDate "2013.??.??"]
[WhiteTeam "SG Arnstadt-Stadtilm"]
[BlackTeam "SV Empor Erfurt"]

1. e4 g6 2. d4 Bg7 3. f4 c5 4. Nf3 cxd4 5. Nxd4 d6 6. Bb5+ Nd7 7. c3 a6 8. Be2
Ngf6 9. Bf3 O-O 10. O-O e5 11. Nb3 d5 12. fxe5 Nxe5 13. exd5 Nxf3+ 14. Qxf3
Qxd5 15. Qxd5 Nxd5 16. Na3 b6 17. Nc4 Bb7 18. Nd6 Bc6 19. Nd4 Bxd4+ 20. cxd4
Rad8 21. Ne4 f5 22. Ng5 Rfe8 23. Nf3 Nb4 24. Bg5 Rd6 25. Bf4 Rd7 26. Rfd1 Bxf3
27. gxf3 Re2 28. a3 Nd5 29. Bd2 Rc7 30. Bc3 Kf7 31. Rac1 Ke6 32. Re1 Nxc3 33.
bxc3 Rxe1+ 34. Rxe1+ Kd5 35. Rc1 Rc4 36. Kf2 Ra4 37. Ra1 Kc4 38. Ke3 Kxc3 39.
d5 f4+ 40. Ke2 Kb2 41. Rd1 Rc4 42. a4 Rc7 43. Rd4 Rd7 44. Rb4+ Kc3 45. Rxb6
Rxd5 46. Rxa6 Rd2+ 47. Kf1 Rxh2 48. Rf6 g5 49. a5 Kd3 50. Rb6 Ra2 51. a6 h5 52.
Rb5 g4 53. fxg4 hxg4 54. Rb4 Ke3 55. Rb3+ Ke4 56. Rb4+ Kf5 57. Rb5+ Kg6 58. Rb4
Kg5 59. Rb5+ Kh4 0-1

[Event "Landesklasse Ost 2013/2014"]
[Site "?"]
[Date "2013.10.20"]
[Round "2"]
[White "Schmuck, Helmut"]
[Black "Hattendorf, Jens"]
[Result "1-0"]
[WhiteElo "1957"]
[BlackElo "1897"]
[PlyCount "85"]
[EventDate "2013.??.??"]
[WhiteTeam "SV Empor Erfurt"]
[BlackTeam "SG Arnstadt-Stadtilm"]

1. d4 d5 2. Nf3 Nf6 3. c4 dxc4 4. Nc3 a6 5. a4 Nc6 6. e4 Bg4 7. Be3 Bxf3 8.
gxf3 e5 9. d5 Na5 10. Rg1 Nd7 11. Bh3 Qh4 12. Rg3 Nb3 13. Rb1 Ndc5 14. Bg5 Qh5
15. Kf1 f6 16. Be3 g5 17. Bg4 Qf7 18. Rh3 h5 19. Bxc5 Nxc5 20. f4 hxg4 21. Rxh8
Qg7 22. Rh5 gxf4 23. Rh4 f3 24. h3 gxh3 25. Qxf3 Nd3 26. Qxh3 Nf4 27. Qg3 O-O-O
28. Qxg7 Bxg7 29. Rh7 Rg8 30. Ne2 Nd3 31. Ng3 Bf8 32. Nf5 Bc5 33. Ne7+ Bxe7 34.
Rxe7 Rh8 35. Ke2 Rh2 36. Rg1 Kd8 37. Rf7 Ke8 38. Rxc7 Kf8 39. Rxc4 Nxf2 40. Kf3
Nd3 41. d6 Rh3+ 42. Kg4 Nf2+ 43. Kf5 1-0

[Event "Landesklasse Ost 2013/2014"]
[Site "?"]
[Date "2013.10.20"]
[Round "2"]
[White "Jank, Kevin"]
[Black "Wahlicht, Mike"]
[Result "1-0"]
[WhiteElo "1625"]
[BlackElo "1821"]
[PlyCount "111"]
[EventDate "2013.??.??"]
[WhiteTeam "SG Arnstadt-Stadtilm"]
[BlackTeam "SV Empor Erfurt"]

1. e4 c5 2. Nf3 Nc6 3. d4 cxd4 4. Nxd4 Nf6 5. Nc3 e5 6. Ndb5 d6 7. Be3 a6 8.
Na3 b5 9. Nd5 Nxe4 10. Bb6 Qg5 11. Nc7+ Kd7 12. Nxa8 Bb7 13. Be3 Qg6 14. Nb6+
Kd8 15. Be2 f5 16. Nd5 Nf6 17. Nxf6 gxf6 18. Qd2 f4 19. Bb6+ Kd7 20. O-O-O f5
21. Kb1 Qf6 22. c3 Ne7 23. f3 Ng6 24. c4 d5 25. Ba5 Bxa3 26. bxa3 bxc4 27. Bxc4
Rb8 28. Bb3 e4 29. Rc1 Bc6 30. Qc3 Qxc3 31. Rxc3 d4 32. Rc5 exf3 33. gxf3 Bxf3
34. Rhc1 Be4+ 35. Ka1 f3 36. Rc7+ Ke8 37. Rc8+ Rxc8 38. Rxc8+ Kd7 39. Rc1 Nf4
40. Ba4+ Ke6 41. Bb3+ Kf6 42. Be1 Kg5 43. Bf2 Ne2 44. Rc7 h5 45. Rg7+ Kf6 46.
Ra7 Bd3 47. Bd5 Be4 48. Rxa6+ Ke5 49. Bb3 Kf4 50. Rg6 d3 51. a4 Ke5 52. Kb2 Kf4
53. a5 h4 54. a6 d2 55. a7 Nc1 56. Rd6 1-0

[Event "Landesklasse Ost 2013/2014"]
[Site "?"]
[Date "2013.10.20"]
[Round "2"]
[White "Strauch, Martin"]
[Black "Widmann, Benjamin"]
[Result "1/2-1/2"]
[WhiteElo "1770"]
[BlackElo "1850"]
[PlyCount "63"]
[EventDate "2013.??.??"]
[WhiteTeam "SV Empor Erfurt"]
[BlackTeam "SG Arnstadt-Stadtilm"]

1. e4 c5 2. Nf3 Nc6 3. c3 Nf6 4. e5 Nd5 5. d4 cxd4 6. cxd4 e6 7. a3 d6 8. exd6
Bxd6 9. Nc3 Nb6 10. Bd3 Be7 11. O-O O-O 12. Bf4 Bf6 13. Be5 Nxe5 14. dxe5 Be7
15. Qc2 h6 16. Qe2 Nd5 17. Rfd1 Nf4 18. Qe4 Nxd3 19. Rxd3 Qb6 20. Na4 Qb5 21.
Rad1 Rb8 22. Qg4 b6 23. Nc3 Qxb2 24. Nd4 Bc5 25. Rb1 Qxa3 26. Rg3 g6 27. Nc2
Qa6 28. Rh3 Kg7 29. Qh4 Rh8 30. Qf6+ Kg8 31. Qd8+ Bf8 32. Ne4 1/2-1/2

[Event "Landesklasse Ost 2013/2014"]
[Site "?"]
[Date "2013.10.20"]
[Round "2"]
[White "Marufke, Kai"]
[Black "Thiemann, Jürgen"]
[Result "1/2-1/2"]
[WhiteElo "1875"]
[BlackElo "1708"]
[PlyCount "32"]
[EventDate "2013.??.??"]
[WhiteTeam "SG Arnstadt-Stadtilm"]
[BlackTeam "SV Empor Erfurt"]

1. e4 c6 2. d4 d5 3. exd5 cxd5 4. Bd3 Nc6 5. c3 e6 6. f4 g6 7. Nf3 Bg7 8. O-O
f5 9. Nbd2 Nf6 10. Ne5 Nxe5 11. fxe5 Ng4 12. Nf3 Nh6 13. Bf4 Qb6 14. Qd2 Nf7
15. Kh1 Bd7 16. Rab1 Bb5 1/2-1/2

[Event "Landesklasse Ost 2013/2014"]
[Site "?"]
[Date "2013.10.20"]
[Round "2"]
[White "Heinke, Jasper"]
[Black "Bächer, Reinhard"]
[Result "1-0"]
[WhiteElo "1514"]
[BlackElo "1839"]
[PlyCount "55"]
[EventDate "2013.??.??"]
[WhiteTeam "SV Empor Erfurt"]
[BlackTeam "SG Arnstadt-Stadtilm"]

1. d4 Nf6 2. c4 e6 3. Nc3 Bb4 4. Qc2 d5 5. a3 Bxc3+ 6. bxc3 O-O 7. Nf3 Nbd7 8.
cxd5 exd5 9. Bg5 h6 10. Bh4 Re8 11. e3 c6 12. Bd3 Qa5 13. O-O Ne4 14. c4 g5 15.
Bg3 Nxg3 16. fxg3 Nf8 17. Ne5 Be6 18. Rf6 Kg7 19. Raf1 Re7 20. Qf2 Qc7 21. Qf3
Nd7 22. Nxd7 Qxd7 23. Rxh6 Kxh6 24. Qf6+ Kh5 25. h3 Rg8 26. Be2+ g4 27. Qh4+
Kg6 28. Rf6+ 1-0

[Event "Landesklasse Ost 2013/2014"]
[Site "?"]
[Date "2013.10.20"]
[Round "2"]
[White "Riedel, Erich"]
[Black "Renner, Wolfgang"]
[Result "1/2-1/2"]
[WhiteElo "1559"]
[BlackElo "1743"]
[PlyCount "63"]
[EventDate "2013.??.??"]
[WhiteTeam "SG Arnstadt-Stadtilm"]
[BlackTeam "SV Empor Erfurt"]

1. e4 d5 2. exd5 Nf6 3. Nf3 Nxd5 4. d4 g6 5. c4 Nb6 6. c5 Nd5 7. Bc4 Bg7 8. Qb3
c6 9. Nc3 e6 10. Ne4 O-O 11. Be3 Nd7 12. Bxd5 exd5 13. Nd6 b6 14. Qa3 bxc5 15.
dxc5 Ne5 16. Nd4 Bd7 17. h3 Qh4 18. O-O-O Rfb8 19. Qa6 Bh6 20. Qe2 Rb4 21. g3
Bxe3+ 22. Qxe3 Qf6 23. b3 Rab8 24. a3 Rxb3 25. Nxb3 Nc4 26. Nxc4 dxc4 27. Nd4
Bf5 28. Kd2 Rb2+ 29. Ke1 Bd3 30. Rd2 Rb1+ 31. Rd1 Rb2 32. Rd2 1/2-1/2

[Event "Landesklasse Ost 2013/2014"]
[Site "?"]
[Date "2013.10.20"]
[Round "2"]
[White "Osterloh, Felix"]
[Black "Anschütz, Mario"]
[Result "1/2-1/2"]
[WhiteElo "1948"]
[BlackElo "1846"]
[PlyCount "134"]
[EventDate "2013.??.??"]
[WhiteTeam "SV Schott Jena"]
[BlackTeam "SSV Vimaria 91 Weimar"]

1. e4 e6 2. d3 d5 3. Nd2 c5 4. Ngf3 Nc6 5. g3 Bd6 6. Bg2 Nge7 7. O-O O-O 8. Re1
Qc7 9. Nf1 f5 10. Qe2 Ng6 11. exd5 exd5 12. Ng5 Nge7 13. Qh5 h6 14. Ne6 Bxe6
15. Rxe6 Qd7 16. Re1 Rf6 17. Bd2 d4 18. f4 Nb4 19. Qd1 Rb8 20. a3 Nbd5 21. Qf3
b5 22. b3 Qc7 23. Qf2 c4 24. Rec1 c3 25. Be1 Bc5 26. Bxd5+ Nxd5 27. Qf3 Qd6 28.
b4 Bb6 29. Bf2 Re8 30. Re1 Rfe6 31. Rxe6 Rxe6 32. Re1 Rxe1 33. Bxe1 Qe6 34. Kg2
g5 35. h3 Kg7 36. fxg5 hxg5 37. Kf2 Kg6 38. Qe2 Ne3 39. Nxe3 dxe3+ 40. Kf1 f4
41. Qg2 e2+ 42. Qxe2 Qxh3+ 43. Qg2 Qxg2+ 44. Kxg2 Bd4 45. Kf3 fxg3 46. Bxg3 Kf5
47. Bd6 a6 48. Bf8 g4+ 49. Kg2 Be5 50. Bh6 Kg6 51. Be3 Kh5 52. d4 Bd6 53. d5
Be5 54. Bc5 Kg6 55. d6 Kf7 56. d7 Bc7 57. Bd6 Bb6 58. Be5 Ke7 59. Kg3 Be3 60.
Bxc3 Bc1 61. Kxg4 Bxa3 62. Bd2 Kxd7 63. Kf4 Kc6 64. Ke4 a5 65. bxa5 b4 66. Kd4
Kb5 67. a6 Kxa6 1/2-1/2

[Event "Landesklasse Ost 2013/2014"]
[Site "?"]
[Date "2013.10.20"]
[Round "2"]
[White "Vogel, Steffen"]
[Black "Richter, Jan"]
[Result "0-1"]
[WhiteElo "1821"]
[BlackElo "1899"]
[PlyCount "50"]
[EventDate "2013.??.??"]
[WhiteTeam "SSV Vimaria 91 Weimar"]
[BlackTeam "SV Schott Jena"]

1. d4 Nf6 2. c4 c5 3. d5 b5 4. f3 bxc4 5. e4 d6 6. Bxc4 g6 7. Be3 Nbd7 8. Qd2
Rb8 9. Na3 Bg7 10. Rb1 O-O 11. Bh6 Bxh6 12. Qxh6 Ne5 13. Ne2 Qa5+ 14. Qd2 Nxc4
15. Nxc4 Qxa2 16. Na3 Qb3 17. O-O Ba6 18. Rfd1 Nd7 19. f4 Nf6 20. Nc3 Rb4 21.
Nc2 Nxe4 22. Nxe4 Rxe4 23. Re1 Qd3 24. Rbd1 Rxe1+ 25. Nxe1 Qf1# 0-1

[Event "Landesklasse Ost 2013/2014"]
[Site "?"]
[Date "2013.10.20"]
[Round "2"]
[White "Richter, Gerhard"]
[Black "Mitter, Frank"]
[Result "1-0"]
[WhiteElo "2010"]
[BlackElo "1781"]
[PlyCount "85"]
[EventDate "2013.??.??"]
[WhiteTeam "SV Schott Jena"]
[BlackTeam "SSV Vimaria 91 Weimar"]

1. Nf3 d5 2. g3 Nf6 3. Bg2 e6 4. d4 c5 5. O-O Nc6 6. c4 dxc4 7. Qa4 Bd7 8. dxc5
Bxc5 9. Qxc4 Be7 10. Nc3 O-O 11. Rd1 Rc8 12. Bg5 Na5 13. Qd4 Nc6 14. Qd2 Be8
15. Qe1 Qa5 16. h3 Nb4 17. Rac1 Bc6 18. e4 h6 19. Bf4 Rfd8 20. Qe2 Nxa2 21.
Nxa2 Qxa2 22. Nd4 Ba4 23. Rxc8 Rxc8 24. Rc1 Rxc1+ 25. Bxc1 Qb1 26. Qc4 e5 27.
Nf5 Bf8 28. Qc8 Be8 29. Kh2 b6 30. g4 Qd3 31. g5 hxg5 32. Bxg5 Qd7 33. Qb8 Nh7
34. Be3 f6 35. Bf1 Bf7 36. Be2 Be6 37. Bg4 Kf7 38. Kg3 Be7 39. Qh8 Nf8 40.
Qxg7+ Ke8 41. Bh6 a5 42. Bh5+ Kd8 43. Nxe7 1-0

[Event "Landesklasse Ost 2013/2014"]
[Site "?"]
[Date "2013.10.20"]
[Round "2"]
[White "Petigk, Falk"]
[Black "Mauch, Johannes"]
[Result "1-0"]
[WhiteElo "1713"]
[BlackElo "1783"]
[PlyCount "51"]
[EventDate "2013.??.??"]
[WhiteTeam "SSV Vimaria 91 Weimar"]
[BlackTeam "SV Schott Jena"]

1. e4 e6 2. d4 d5 3. Nd2 Nc6 4. c3 Nf6 5. e5 Nd7 6. Bd3 g6 7. h4 Bg7 8. h5 Qe7
9. hxg6 hxg6 10. Rxh8+ Bxh8 11. Qg4 Nf8 12. Ndf3 Bd7 13. Bg5 f6 14. Bxf6 Bxf6
15. Bxg6+ Kd8 16. exf6 Qxf6 17. Bc2 e5 18. dxe5 Nxe5 19. Qg3 Nc4 20. O-O-O Be6
21. Nh3 Nd7 22. Nf4 Ndb6 23. Nxe6+ Qxe6 24. Re1 Qh6+ 25. Kb1 Kd7 26. Bf5+ 1-0

[Event "Landesklasse Ost 2013/2014"]
[Site "?"]
[Date "2013.10.20"]
[Round "2"]
[White "Richter, Sebastian"]
[Black "Philipp, Mathias"]
[Result "1-0"]
[WhiteElo "1765"]
[BlackElo "1556"]
[PlyCount "69"]
[EventDate "2013.??.??"]
[WhiteTeam "SV Schott Jena"]
[BlackTeam "SSV Vimaria 91 Weimar"]

1. d4 f5 2. Bg5 g6 3. Nc3 Bg7 4. h4 Nf6 5. h5 d6 6. h6 Bf8 7. f3 e6 8. Qd2 Be7
9. O-O-O Nc6 10. Nh3 Bd7 11. e3 e5 12. d5 Nb8 13. Bd3 O-O 14. Nf2 a6 15. g4 Ne8
16. Bxe7 Qxe7 17. Rhg1 fxg4 18. fxg4 Qh4 19. Nce4 Qxh6 20. Rh1 Qg7 21. Rh2 Nf6
22. Nxf6+ Qxf6 23. Ne4 Qe7 24. Rdh1 Bxg4 25. Rxh7 Qxh7 26. Rxh7 Kxh7 27. Qh2+
Kg7 28. Ng5 Rh8 29. Qf2 Rf8 30. Qh4 Bh5 31. Ne6+ Kg8 32. Nxf8 Kxf8 33. Qd8+ Kg7
34. Qxc7+ Kh6 35. Qxb7 1-0

[Event "Landesklasse Ost 2013/2014"]
[Site "?"]
[Date "2013.10.20"]
[Round "2"]
[White "Schmidt, Stephan"]
[Black "Scholz, Lucas"]
[Result "1-0"]
[WhiteElo "1639"]
[BlackElo "1732"]
[PlyCount "61"]
[EventDate "2013.??.??"]
[WhiteTeam "SSV Vimaria 91 Weimar"]
[BlackTeam "SV Schott Jena"]

1. e4 e5 2. Nf3 Nc6 3. Bb5 a6 4. Bxc6 dxc6 5. O-O Qd6 6. d4 exd4 7. Qxd4 Bg4 8.
Qxd6 cxd6 9. Nbd2 Be7 10. Re1 O-O-O 11. h3 Bh5 12. c4 Nf6 13. a3 Nd7 14. b4 Ne5
15. Nxe5 dxe5 16. c5 Rd3 17. Nc4 f6 18. f4 Bf7 19. Nb6+ Kc7 20. fxe5 fxe5 21.
Bb2 Bf6 22. Rad1 Rdd8 23. Bc3 Be6 24. a4 h5 25. b5 cxb5 26. axb5 axb5 27. Ba5
Kc6 28. Nd5 Ra8 29. Bb6 Bxd5 30. Rxd5 Be7 31. Red1 1-0

[Event "Landesklasse Ost 2013/2014"]
[Site "?"]
[Date "2013.10.20"]
[Round "2"]
[White "Jordan, Gunter"]
[Black "Gräf, Michael"]
[Result "1-0"]
[WhiteElo "1855"]
[BlackElo "1851"]
[PlyCount "69"]
[EventDate "2013.??.??"]
[WhiteTeam "SV Schott Jena"]
[BlackTeam "SSV Vimaria 91 Weimar"]

1. d4 Nf6 2. c4 e6 3. Nc3 Bb4 4. Qc2 O-O 5. e3 b6 6. Be2 Bb7 7. Bf3 Bxf3 8.
Nxf3 d5 9. cxd5 exd5 10. a3 Bxc3+ 11. bxc3 c5 12. Bb2 Nc6 13. O-O Rc8 14. dxc5
bxc5 15. Rfd1 Qe7 16. c4 Rfd8 17. Rac1 dxc4 18. Qxc4 Na5 19. Qc3 Qc7 20. Ng5
Rxd1+ 21. Rxd1 Rd8 22. Rxd8+ Qxd8 23. h3 h6 24. Ne4 c4 25. Nxf6+ gxf6 26. Qxf6
Qxf6 27. Bxf6 Kf8 28. Kf1 Ke8 29. Ke2 Kd7 30. Kd2 Kc6 31. Kc3 Kb5 32. g4 a6 33.
h4 Nc6 34. h5 Kc5 35. g5 1-0

[Event "Landesklasse Ost 2013/2014"]
[Site "?"]
[Date "2013.10.20"]
[Round "2"]
[White "Warneke, Tobias"]
[Black "Schmidt, Lothar"]
[Result "1-0"]
[WhiteElo "1602"]
[BlackElo "1941"]
[PlyCount "71"]
[EventDate "2013.??.??"]
[WhiteTeam "SSV Vimaria 91 Weimar"]
[BlackTeam "SV Schott Jena"]

1. e4 e6 2. d4 b6 3. Nf3 Bb7 4. Bd3 c5 5. c3 Nf6 6. Bg5 h6 7. Bxf6 Qxf6 8. Nbd2
g5 9. e5 Qg7 10. Be4 Nc6 11. h3 Be7 12. a3 O-O 13. Rc1 f5 14. exf6 Qxf6 15. O-O
d5 16. Bb1 Rf7 17. Qe2 Bd6 18. Rce1 Re8 19. Ne5 Bxe5 20. dxe5 Qg7 21. Nf3 Ref8
22. Nh2 Nb8 23. b4 Nd7 24. Bd3 Rf4 25. Ng4 c4 26. Bc2 h5 27. Nf6+ Nxf6 28. exf6
R4xf6 29. Qxh5 Bc8 30. Re5 Rf5 31. Bxf5 Rxf5 32. Rxf5 exf5 33. Re1 Bd7 34. g3
d4 35. cxd4 Qxd4 36. Re7 1-0

[Event "Landesklasse Ost 2013/2014"]
[Site "?"]
[Date "2013.10.20"]
[Round "2"]
[White "Skibbe, Diana"]
[Black "Sack, Matthias"]
[Result "1/2-1/2"]
[WhiteElo "1922"]
[BlackElo "1951"]
[PlyCount "46"]
[EventDate "2013.??.??"]
[WhiteTeam "TSV Zeulenroda"]
[BlackTeam "SV Hermsdorf"]

1. e4 c5 2. c3 d5 3. exd5 Qxd5 4. d4 Nc6 5. Nf3 Bg4 6. Nbd2 e6 7. Bc4 Bxf3 8.
Qxf3 Qxf3 9. Nxf3 cxd4 10. Nxd4 Nxd4 11. cxd4 Bb4+ 12. Ke2 Nf6 13. Bb5+ Ke7 14.
Bg5 g6 15. Ba4 Rhd8 16. Rhd1 Rac8 17. Rd3 Ba5 18. Rad1 h6 19. Bxf6+ Kxf6 20. d5
b5 21. Bb3 exd5 22. Rxd5 Rxd5 23. Rxd5 Rd8 1/2-1/2

[Event "Landesklasse Ost 2013/2014"]
[Site "?"]
[Date "2013.10.20"]
[Round "2"]
[White "Hadlich, Gerald"]
[Black "Barth, Christian"]
[Result "1-0"]
[WhiteElo "1794"]
[BlackElo "1814"]
[PlyCount "109"]
[EventDate "2013.??.??"]
[WhiteTeam "SV Hermsdorf"]
[BlackTeam "TSV Zeulenroda"]

1. e4 e5 2. Nf3 d6 3. d4 exd4 4. Nxd4 Nf6 5. Nc3 Be7 6. Be2 d5 7. exd5 Nxd5 8.
Nxd5 Qxd5 9. O-O O-O 10. c3 Rd8 11. Be3 c5 12. Nb3 Qc6 13. Qc2 Be6 14. Bf3 Qc7
15. Rfd1 Nd7 16. Qe4 Rab8 17. Bf4 Qb6 18. Bxb8 Nxb8 19. Qxb7 Bd6 20. Qxb6 axb6
21. Nd2 f5 22. Nf1 Kf8 23. g3 g5 24. Bd5 Bc8 25. f3 h5 26. h3 g4 27. hxg4 fxg4
28. fxg4 Bxg4 29. Rd2 Nd7 30. Rf2+ Kg7 31. Bf3 Ne5 32. Bxg4 hxg4 33. Kg2 c4 34.
Re2 Kf6 35. Ne3 Bc5 36. Rf1+ Kg6 37. Rf4 Ra8 38. a3 Nd3 39. Rxg4+ Kh5 40. Rh4+
Kg6 41. Nxc4 Kf5 42. Rhe4 Rh8 43. b4 Bf2 44. Nd6+ Kg6 45. Re6+ Kg7 46. Nf5+ Kf7
47. Rc6 Ra8 48. Re7+ Kg8 49. Rg6+ Kh8 50. Reg7 Be3 51. Rg4 Ne1+ 52. Kh3 Nf3 53.
Nxe3 b5 54. Nd5 Ra6 55. R7g6 1-0

[Event "Landesklasse Ost 2013/2014"]
[Site "?"]
[Date "2013.10.20"]
[Round "2"]
[White "Wolfram, Thomas"]
[Black "Osterroth, Reinhard"]
[Result "0-1"]
[WhiteElo "1725"]
[BlackElo "1877"]
[PlyCount "130"]
[EventDate "2013.??.??"]
[WhiteTeam "TSV Zeulenroda"]
[BlackTeam "SV Hermsdorf"]

1. d4 Nf6 2. e3 d6 3. f4 g6 4. Nf3 Bg7 5. Be2 Nbd7 6. O-O O-O 7. Nbd2 e5 8.
fxe5 dxe5 9. Ng5 exd4 10. exd4 c5 11. Ndf3 cxd4 12. Qxd4 Qc7 13. Bc4 Ne8 14.
Qh4 h6 15. Ne6 Qb6+ 16. Ned4 Nd6 17. Bd3 h5 18. Kh1 Nc5 19. Be2 Nf5 20. Nxf5
Bxf5 21. Nd4 Bd7 22. Rb1 Rae8 23. Bc4 Re4 24. Rf4 Bxd4 25. Rxe4 Nxe4 26. Qxe4
Re8 27. Bxf7+ Kxf7 28. Qd5+ Qe6 29. Qxd4 Qxa2 30. Qxd7+ Re7 31. Qd2 Qxb1 32. h3
Qa2 33. b3 Qa6 34. Bb2 Qf1+ 35. Kh2 Qf5 36. Bd4 a6 37. c3 Re4 38. Kg1 Qf4 39.
Qd1 Ke6 40. Bf2 Qe5 41. Qf3 Qf5 42. Qd1 Re5 43. Bg3 Rd5 44. Qe2+ Kd7 45. Kh2
Rd3 46. Be5 h4 47. Bf6 Qf4+ 48. Kh1 Re3 49. Qd1+ Kc6 50. Bd4 Re4 51. Bg1 Qe5
52. c4 Rf4 53. Bh2 Qd4 54. Qe1 Re4 55. Qf1 Qc3 56. Qf7 Qc1+ 57. Bg1 Qg5 58. Qf3
Qf4 59. Qd1 Qe5 60. Qf3 Qe6 61. Qf2 Kd7 62. Qf3 Kc8 63. Bc5 Qf5 64. Qd3 Re1+
65. Bg1 Qxd3 0-1